History of science / (Record no. 24908)

MARC details
000 -LEADER
fixed length control field 00778nam a22002177a 4500
005 - DATE AND TIME OF LATEST TRANSACTION
control field 20090305104415.0
008 - FIXED-LENGTH DATA ELEMENTS--GENERAL INFORMATION
fixed length control field 090304t xxu||||| |||| 00| 0 eng d
010 ## - LCCN (DPL NO)
LC control number B-317548
020 ## - INTERNATIONAL STANDARD BOOK NUMBER
Terms of availability 60.00
035 ## - SYSTEM CONTROL NUMBER
System control number B-317548
040 ## - CATALOGING SOURCE
Original cataloging agency DPL
Language of cataloging English
082 ## - DEWEY DECIMAL CLASSIFICATION NUMBER
Classification number 500.9
100 ## - MAIN ENTRY--PERSONAL NAME
Personal name Krishnamurthy, K. V.
245 ## - TITLE STATEMENT
Title History of science /
Statement of responsibility, etc by K. V.Krishnamurthy
260 ## - PUBLICATION, DISTRIBUTION, ETC. (IMPRINT)
Place of publication, distribution, etc Thiruchirappalli
Name of publisher, distributor, etc Bharathidasan University
Date of publication, distribution, etc 2005
270 ## - ADDRESS
Address Palkalaiperur
City Thiruchirappalli
Postal code 620024
300 ## - PHYSICAL DESCRIPTION
Extent 191 p.
Dimensions 24 cm. (Pbk)
650 ## - SUBJECT ADDED ENTRY--TOPICAL TERM
Topical term following geographic name as entry element Science
942 ## - ADDED ENTRY ELEMENTS (KOHA)
Source of classification or shelving scheme Dewey Decimal Classification
Item type English Books
Classification part 500.09
Call number suffix KRI
Holdings
Withdrawn status Lost status Source of classification or shelving scheme Damaged status Not for loan Collection code Home library Current library Date acquired Source of acquisition Cost, normal purchase price Total Checkouts Total Renewals Full call number Barcode Date last seen Copy number Cost, replacement price Koha item type
    Dewey Decimal Classification     Non-fiction Vigyan Vihar Vigyan Vihar 05/03/2009 DBAct 60.00 19 4 500.09 KRI B-317548 04/08/2023 1 60.00 English Books

© Delhi Public Library
Hit Counter
free hit counter